| 000 | 00372nam a22001457a 4500 | ||
|---|---|---|---|
| 999 |
_c12713 _d12713 |
||
| 008 | 210217b ||||| |||| 00| 0 eng d | ||
| 082 | 0 | 0 |
_a843.914 _bS1291 |
| 100 |
_94843 _aSagan, Francoise |
||
| 245 | 1 | 0 |
_aWonderful clouds _cby Francoise Sagan |
| 250 | _a1st ed. | ||
| 260 |
_aLondon: _bJohn Murray _c1961 |
||
| 300 | _a124p. | ||
| 650 | 0 | _aFrench Fiction | |
| 942 | _cBK | ||